00245nam a22001097a 4500008004100000020001500041041000800056080001400064100000600078101000800084245004300092181029b xxu||||| |||| 00| 0 eng d a0323015859 aeng a610-053.2 a8 aPED aYear Book of PediatricscStockman, J.A